Capitales más Meridionales A-Z - Estadísticas

Estadísticas generales
  • Esta prueba ha sido intentada 12 veces
  • La puntuación promedio es 15 de 25
Estadísticas de respuestas
Hint Latitud Respuesta % Correcto
B ~ 34° S Buenos Aires
100%
C ~ 35° S Canberra
100%
A ~ 25° S Asunción
80%
Q ~ 0.2° S Quito
80%
S ~ 33° S Santiago
80%
F ~ 8° S Funafuti
70%
J ~ 15° N Jartum
70%
M ~ 35° S Montevideo
70%
P ~ 26° S Pretoria
70%
W ~ 41° S Wellington
70%
D ~ 9° S Dili
60%
G ~ 25° S Gaborone
60%
H ~ 18° S Harare
60%
N ~ 21° S Nukualofa
60%
Y ~ 6° S Yakarta
60%
K ~ 4° S Kinsasa
50%
L ~ 16° S La Paz
50%
O ~ 45° N Ottawa
50%
Z ~ 45° N Zagreb
50%
T ~ 1° N Tarawa Sur
40%
U ~ 12° N Uagadugú
40%
E ~ 30° N El Cairo
30%
I ~ 33° N Islamabad
30%
V ~ 4° S Victoria
30%
R ~ 15° N Roseau
10%
No se encontraron pruebas coincidentes
Distribución de puntuación
Porcentaje de gente con cada puntuación
Porcentaje por número respondido
Historial de tus puntuaciones
No has intentado esta prueba.